<?xml version="1.0" encoding="UTF-8"?>
<marc:record xmlns:marc="http://www.loc.gov/MARC21/slim">
   <marc:leader>00000nam a2200000 a 4500</marc:leader>
   <marc:datafield ind1="1" ind2=" " tag="100">
      <marc:subfield code="a">Sharp, Margery</marc:subfield>
      <marc:subfield code="4">aut</marc:subfield>
      <marc:subfield code="e">Verfasser/-in</marc:subfield>
   </marc:datafield>
   <marc:datafield ind1="1" ind2=" " tag="100">
      <marc:subfield code="a">Kuhn, Wibke</marc:subfield>
      <marc:subfield code="4">trl</marc:subfield>
      <marc:subfield code="e">Übersetzer/-in</marc:subfield>
   </marc:datafield>
   <marc:datafield ind1=" " ind2=" " tag="653">
      <marc:subfield code="a">Britin</marc:subfield>
   </marc:datafield>
   <marc:datafield ind1=" " ind2=" " tag="653">
      <marc:subfield code="a">Eheschließung</marc:subfield>
   </marc:datafield>
   <marc:datafield ind1=" " ind2=" " tag="653">
      <marc:subfield code="a">Englische Literatur des 20. Jahrhunderts</marc:subfield>
   </marc:datafield>
   <marc:datafield ind1=" " ind2=" " tag="653">
      <marc:subfield code="a">Wiederentdeckung</marc:subfield>
   </marc:datafield>
   <marc:datafield ind1=" " ind2=" " tag="653">
      <marc:subfield code="a">Moderner Klassiker</marc:subfield>
   </marc:datafield>
   <marc:datafield ind1=" " ind2=" " tag="653">
      <marc:subfield code="a">Komödie</marc:subfield>
   </marc:datafield>
   <marc:datafield ind1=" " ind2=" " tag="653">
      <marc:subfield code="a">Gesellschaftskomödie</marc:subfield>
   </marc:datafield>
   <marc:datafield ind1=" " ind2=" " tag="653">
      <marc:subfield code="a">Neuübersetzung</marc:subfield>
   </marc:datafield>
   <marc:datafield ind1=" " ind2=" " tag="653">
      <marc:subfield code="a">Englische Literatur des 20. Jahrhunderts;Wiederentdeckung;Moderner Klassiker;Komödie;Gesellschaftskomödie;Neuübersetzung</marc:subfield>
   </marc:datafield>
   <marc:datafield ind1=" " ind2=" " tag="653">
      <marc:subfield code="a">Fiktionale Darstellung</marc:subfield>
   </marc:datafield>
   <marc:datafield ind1=" " ind2=" " tag="653">
      <marc:subfield code="a">Erzählende Literatur</marc:subfield>
   </marc:datafield>
   <marc:datafield ind1="0" ind2="0" tag="245">
      <marc:subfield code="a">Die vollkommene Lady</marc:subfield>
   </marc:datafield>
   <marc:datafield ind1="0" ind2="0" tag="245">
      <marc:subfield code="b">Roman</marc:subfield>
   </marc:datafield>
   <marc:datafield ind1="0" ind2="0" tag="245">
      <marc:subfield code="c">Margery Sharp ; aus dem Englischen von Wibke Kuhn</marc:subfield>
   </marc:datafield>
   <marc:datafield ind1=" " ind2="1" tag="264">
      <marc:subfield code="a">München</marc:subfield>
      <marc:subfield code="b">Eisele</marc:subfield>
   </marc:datafield>
   <marc:datafield ind1=" " ind2=" " tag="250">
      <marc:subfield code="a">Taschenbuchausgabe, 1. Auflage</marc:subfield>
   </marc:datafield>
   <marc:datafield ind1="1" ind2=" " tag="520">
      <marc:subfield code="a">Angaben aus der Verlagsmeldung

Die vollkommene Lady : Roman The nutmeg tree / von Margery Sharp

Eine Lady auf Abwegen.

Von der Autorin des Romans Die Abenteuer der Cluny Brown

Brillant neu übersetzt von Wibke Kuhn

»Eine der sympathischsten und warmherzigsten Romanfiguren überhaupt.«

New York Herald Tribune

Im Frankreich der 1930er-Jahre versucht eine unkonventionelle Frau, ihre Tochter vor der Heirat mit dem Falschen zu bewahren – und verliebt sich gegen ihren Willen selbst.

Julia Packett ist die Fröhlichkeit in Person. In London führt sie ein freies, ausgelassenes Leben, nur leise getrübt durch den einen oder anderen finanziellen Engpass. Als ihre Tochter sich nach Jahren wieder bei ihr meldet und sie um Beistand bei der Wahl ihres Ehemanns bittet, lässt Julia mit neu entflammtem Mutterherz alles stehen und liegen, um ihrer Tochter zu Hilfe zu eilen. Kaum in der Luxusvilla in der Haute-Savoie angekommen, begreift Julia jedoch, dass ihre Tochter sich in einen zur Ehe völlig ungeeigneten jungen Mann verliebt hat, denn er ist wie sie selbst, Julia: charmant, aber schwer zu domestizieren. Wie kann es Julia nur gelingen, ihrer Tochter den Verlobten auszureden, ohne ihren eigenen Status als vollkommene Lady zu gefährden? Die Anreise des vornehmen Sir William Waring kompliziert die Situation nur noch weiter. Und schon bald gerät ihr Plan, das Glück ihrer Tochter zu retten, hoffnungslos außer Kontrolle ...

»Ein scharfsinniger und unterhaltsamer Gesellschaftsroman.« Frankfurter Rundschau über Die Abenteuer der Cluny Brown

»Amüsante, witzige und frische Wiederentdeckung.« BR, Bayern 2 über Die Abenteuer der Cluny Brown

</marc:subfield>
   </marc:datafield>
   <marc:datafield ind1=" " ind2=" " tag="020">
      <marc:subfield code="a">9783961610945</marc:subfield>
      <marc:subfield code="9">9783961610945</marc:subfield>
   </marc:datafield>
   <marc:datafield ind1=" " ind2=" " tag="020">
      <marc:subfield code="a">3961610940</marc:subfield>
      <marc:subfield code="9">3961610940</marc:subfield>
   </marc:datafield>
   <marc:datafield ind1=" " ind2=" " tag="041">
      <marc:subfield code="a">ger</marc:subfield>
   </marc:datafield>
   <marc:datafield ind1=" " ind2=" " tag="300">
      <marc:subfield code="a">324 Seiten</marc:subfield>
   </marc:datafield>
</marc:record>
